• 首页
  • 本馆介绍
  • 公告通知
  • 最新文献
  • 馆藏检索
  • 电子资源
  • 读者导购
  • 参考咨询
  • 我的图书馆
  • 登录
  • 详细信息显示
  • 放入我的书架
  • 预约/预借图书
  • 作者相关作品
  • 分类相关作品
  • 丛书相关作品
  • 出版社相关作品

书目信息

  • 表格格式
  • 工作单格式
  • 卡片格式
书名: The Norton anthology of world masterpieces
作者: Sarah Lawall, general editor ; Maynard Mack, general editor emeritus
分册号:
分册名:
出版地: New York :
 
出版社: Norton
出版时间: c1999.
页数: v. ;
开本: 24 cm.
丛书名:
中图分类号:
科图分类号:
其他分类号: H319.4
主题词:
电子资源:
000 01262nam 2200361 a 4500
001 E0733888167
003 OCoLC
005 20070301092508.95
008 uu
008 980709s1999 nyu 001 0 eng
010    @a98035047
015    @aGB99-12865
020    @a039397300X (pbk. : v. 2).
020    @a0393972895 (pbk. : v. 1).
040    @aDLC @cDLC @dUKM
049    @aN5LA
050 00 @aPN6014 @b.N66 1999
082 00 @a808.8 @221
090    @a2-99/I11/N882///////1078449/v.
090    @aH319.4
096    @aI11 @v3
099    @dH319.4@ex417:1=4
245 04 @aThe Norton anthology of world masterpieces :@bthe Western tradition / @cSarah Lawall, general editor ; Maynard Mack, general editor emeritus
250    @a7th ed.
260    @aNew York :@bNorton,@cc1999.
300    @av. ;@c24 cm.
500    @aIncludes index.
505 0  @av. 1. Literature of Western culture through the Renaissance -- v. 2. Literature of Western culture since the Renaissance.
650  0 @aLiterature @xCollections.
650  4 @aLiterature @xCollections.
700 1  @aMack, Maynard, @d1909- @b00 @c20020930 @lNLC09 @h2254 @lNLC09 @h0025 @lNLC09 @h2020
700 1  @aLawall, Sarah, @eed.
852 9  @bWWJC @cJ09 @k2-99 @hI11 @iN88/1999
    
    The Norton anthology of world masterpieces : : the Western tradition / / Sarah Lawall, general editor ; Maynard Mack, general editor emeritus.-7th ed.-New York : : Norton, , c1999.
    v. ; ; 24 cm.
    Includes index.-v. 1. Literature of Western culture through the Renaissance -- v. 2. Literature of Western culture since the Renaissance.
    
    ISBN 039397300X (pbk. : v. 2).
    
●
相关链接 在E读中查询图书 在五车中查询图书 在当当中查询图书 在豆瓣中查询图书


正题名:Norton anthology of world masterpieces     索取号:H319.4/x417:1=4         预约/预借

序号 登录号 条形码 馆藏地/架位号 状态 备注
1 58962   001421697   密集书库/ [索取号:H319.4/x417:1=4] 在馆    
2 58963   001420812   密集书库/ [索取号:H319.4/x417:1=4] 在馆    
3 68692   001421731   第四借阅区/ [索取号:H319.4/x417:1=4] 在馆    
4 68693   001421759   第四借阅区/ [索取号:H319.4/x417:1=4] 在馆    
5 68694   001421740   密集书库/ [索取号:H319.4/x417:1=4] 在馆    
唐山师范学院图书馆 欢迎您!
大连网信软件有限公司© 版权所有